000
00270nam a22000977a 4500
082
_a
535 INS'T
245
_a
INSTALLATION OF OPTICAL PROJECTION EQUIPMENT IN EDCATIONAL ESTABLISHMENT
260
_a
LONDON
_b
BRITISH STANDARDS INSTITUTE
_c
1953
300
_a
52P
942
_c
BK
999
_c
582962
_d
582962